[Event "Oberliga Ost A 2023 2024"]
[Site "?"]
[Date "2024.01.14"]
[Round "5.2"]
[Board "5"]
[White "Hoerr, Matthias"]
[Black "Kregelin, Jan"]
[Result "1-0"]
[WhiteElo "2075"]
[BlackElo "2117"]
[PlyCount "117"]
[EventDate "2023.10.22"]
[EventType "team-tourn"]
[EventCountry "GER"]
[WhiteTeam "Plauen SK Koenig"]
[BlackTeam "Hoyerswerda FVS ASP"]
[WhiteTeamCountry "GER"]
[BlackTeamCountry "GER"]

1. c4 c6 2. g3 d5 3. Nf3 Nf6 4. Bg2 Bg4 5. Ne5 Bf5 6. cxd5 cxd5 7. Nc3 Nc6 8. Qa4 Bd7 9. Nxd7 Qxd7 10. O-O e6 11. a3 Be7 12. b4 O-O 13. Bb2 Ne5 14. d3 Rfc8 15. Qb3 Nc6 16. Na4 b6 17. Rac1 Nd8 18. e4 Rxc1 19. Rxc1 dxe4 20. dxe4 Rc8 21. Rd1 Qc7 22. Nc3 Nc6 23. Nb5 Qb8 24. e5 Nxe5 25. Nxa7 Qxa7 26. Bxe5 Nd7 27. Bd4 Bf6 28. Bxf6 Nxf6 29. a4 h6 30. h3 Qc7 31. Ra1 Nd5 32. a5 bxa5 33. bxa5 Ra8 34. Bxd5 exd5 35. Qxd5 Ra6 36. h4 Qc3 37. Ra2 Qc7 38. Kh2 Qe7 39. Kg2 Qc7 40. Kh2 Qe7 41. h5 Qc7 42. Qb5 Qa7 43. Qe8+ Kh7 44. Qe4+ Kg8 45. Rc2 Qd7 46. Qe5 Rf6 47. Rb2 Kh7 48. Qe4+ Qf5 49. Qxf5+ Rxf5 50. Ra2 Rxh5+ 51. Kg2 Rc5 52. a6 Rc8 53. Kf3 h5 54. Ra5 Kh6 55. a7 Ra8 56. Ke4 g6 57. f4 f6 58. Ra6 Kg7 59. Kd5 1-0

[Event "Oberliga Ost A 2023 2024"]
[Site "?"]
[Date "2024.01.14"]
[Round "5.2"]
[Board "6"]
[White "Wolf, Andreas"]
[Black "Sandner, Gunter"]
[Result "0-1"]
[WhiteElo "2050"]
[BlackElo "2208"]
[PlyCount "50"]
[EventDate "2023.10.22"]
[EventType "team-tourn"]
[EventCountry "GER"]
[WhiteTeam "Hoyerswerda FVS ASP"]
[BlackTeam "Plauen SK Koenig"]
[WhiteTeamCountry "GER"]
[BlackTeamCountry "GER"]

1. d4 Nf6 2. c4 c5 3. Nf3 cxd4 4. Nxd4 b6 5. Nc3 Bb7 6. f3 d6 7. e4 e6 8. Be3 a6 9. Be2 Nbd7 10. O-O Be7 11. Qd2 Qc7 12. Rac1 Rc8 13. Bf2 O-O 14. Nd5 exd5 15. cxd5 Qd8 16. Nf5 Ne5 17. Bd4 Qd7 18. Bxe5 dxe5 19. Qg5 g6 20. d6 Bd8 21. Nh6+ Kg7 22. Nf5+ Kh8 23. Qh6 Rg8 24. Rxc8 Bxc8 25. Rc1 gxf5 0-1

[Event "Oberliga Ost A 2023 2024"]
[Site "?"]
[Date "2024.01.14"]
[Round "5.2"]
[Board "7"]
[White "Fischer, Erik"]
[Black "Grohmann, Alexander"]
[Result "1/2-1/2"]
[WhiteElo "2068"]
[BlackElo "1984"]
[PlyCount "35"]
[EventDate "2023.10.22"]
[EventType "team-tourn"]
[EventCountry "GER"]
[WhiteTeam "Plauen SK Koenig"]
[BlackTeam "Hoyerswerda FVS ASP"]
[WhiteTeamCountry "GER"]
[BlackTeamCountry "GER"]

1. e4 c5 2. Nf3 d6 3. Bb5+ Bd7 4. Bxd7+ Nxd7 5. O-O Ngf6 6. Qe2 g6 7. b3 Bg7 8. Bb2 e5 9. c3 O-O 10. Na3 d5 11. d3 Re8 12. Nc2 Nb6 13. Rfd1 d4 14. c4 Nc8 15. b4 b6 16. Bc1 h6 17. Bd2 Nd6 18. a4 1/2-1/2

[Event "Oberliga Ost A 2023 2024"]
[Site "?"]
[Date "2024.01.14"]
[Round "5.3"]
[Board "1"]
[White "Becker, Michael"]
[Black "Post, Hugo"]
[Result "1-0"]
[WhiteElo "2245"]
[BlackElo "2223"]
[PlyCount "83"]
[EventDate "2023.10.22"]
[EventType "team-tourn"]
[EventCountry "GER"]
[WhiteTeam "Dessau SK"]
[BlackTeam "Loeberitz SG"]
[WhiteTeamCountry "GER"]
[BlackTeamCountry "GER"]

1. e4 c5 2. Nf3 d6 3. Bb5+ Nc6 4. O-O Bd7 5. Re1 a6 6. Bxc6 Bxc6 7. d4 cxd4 8. Nxd4 e6 9. c4 Bd7 10. Nc3 Qc7 11. Bg5 Ne7 12. Rc1 Qa5 13. Qd2 h6 14. Bh4 Rc8 15. Bg3 Ng6 16. Nf5 Ne5 17. Nxd6+ Bxd6 18. Qxd6 Nxc4 19. Qd4 e5 20. Qd5 Qxd5 21. Nxd5 f6 22. b3 Nd6 23. Rcd1 Nb5 24. f4 Bg4 25. Rd2 exf4 26. Bxf4 Kf7 27. e5 Rhe8 28. h3 Bf5 29. g4 Be6 30. exf6 Bxd5 31. Rxe8 Rxe8 32. Rxd5 Nc3 33. Rd7+ Kxf6 34. Bd2 Ne4 35. Be3 Re7 36. Bd4+ Ke6 37. Rxe7+ Kxe7 38. Bxg7 Kf7 39. Bxh6 Nc3 40. Bd2 Nxa2 41. Kf2 b5 42. Ke3 1-0

[Event "Oberliga Ost A 2023 2024"]
[Site "?"]
[Date "2024.01.14"]
[Round "5.3"]
[Board "2"]
[White "Schuetze, Norman"]
[Black "Matthey, Harald"]
[Result "0-1"]
[WhiteElo "2285"]
[BlackElo "2078"]
[PlyCount "54"]
[EventDate "2023.10.22"]
[EventType "team-tourn"]
[EventCountry "GER"]
[WhiteTeam "Loeberitz SG"]
[BlackTeam "Dessau SK"]
[WhiteTeamCountry "GER"]
[BlackTeamCountry "GER"]

1. e4 c5 2. Nf3 d6 3. d4 cxd4 4. Nxd4 e5 5. Bb5+ Bd7 6. Bxd7+ Qxd7 7. Nf5 Nf6 8. Nc3 Nxe4 9. Nxe4 Qxf5 10. Nxd6+ Bxd6 11. Qxd6 Nc6 12. Be3 Qxc2 13. Rc1 Qg6 14. Rxc6 bxc6 15. Qxe5+ Kf8 16. O-O h6 17. h4 Kg8 18. Rc1 Kh7 19. h5 Qd3 20. Rxc6 Rhe8 21. Qc5 Qb1+ 22. Kh2 Qxb2 23. Bd4 Qb1 24. Rc7 Qe4 25. Kh3 Rad8 26. Bb2 Rd5 27. Rxf7 Qe6+ 0-1

[Event "Oberliga Ost A 2023 2024"]
[Site "?"]
[Date "2024.01.14"]
[Round "5.3"]
[Board "3"]
[White "Mirschinka, Dirk"]
[Black "Pallas, Sebastian"]
[Result "1/2-1/2"]
[WhiteElo "2168"]
[BlackElo "2205"]
[PlyCount "57"]
[EventDate "2023.10.22"]
[EventType "team-tourn"]
[EventCountry "GER"]
[WhiteTeam "Dessau SK"]
[BlackTeam "Loeberitz SG"]
[WhiteTeamCountry "GER"]
[BlackTeamCountry "GER"]

1. Nf3 Nf6 2. g3 g6 3. Bg2 Bg7 4. O-O O-O 5. d3 d5 6. Nc3 d4 7. Ne4 Nxe4 8. dxe4 c5 9. e3 dxe3 10. Bxe3 b6 11. Qxd8 Rxd8 12. Rfd1 Re8 13. Ne1 Bb7 14. c3 Na6 15. Rd2 Rad8 16. Rad1 Rxd2 17. Rxd2 Bc6 18. Bf1 Nc7 19. f3 Kf8 20. Bh3 e6 21. Bf4 e5 22. Be3 Ke7 23. b4 cxb4 24. cxb4 Ne6 25. Rc2 Bb5 26. Bf1 Bxf1 27. Kxf1 Kd7 28. Ke2 Bf8 29. a3 1/2-1/2

[Event "Oberliga Ost A 2023 2024"]
[Site "?"]
[Date "2024.01.14"]
[Round "5.3"]
[Board "5"]
[White "Erler, Rainer"]
[Black "Boehm, Christian"]
[Result "1-0"]
[WhiteElo "2143"]
[BlackElo "2047"]
[PlyCount "133"]
[EventDate "2023.10.22"]
[EventType "team-tourn"]
[EventCountry "GER"]
[WhiteTeam "Dessau SK"]
[BlackTeam "Loeberitz SG"]
[WhiteTeamCountry "GER"]
[BlackTeamCountry "GER"]

1. e4 c6 2. d4 d5 3. e5 Bf5 4. Nf3 e6 5. Be2 c5 6. Be3 Qb6 7. Nc3 Nc6 8. Na4 Qa5+ 9. c3 c4 10. O-O b5 11. Nc5 Bxc5 12. dxc5 Nge7 13. b4 Qa3 14. Qc1 Qxc1 15. Rfxc1 Kd7 16. a4 a6 17. Ra2 Rhb8 18. Rca1 bxa4 19. Bd1 Kc7 20. Bxa4 Kb7 21. Bg5 h6 22. Bxe7 Nxe7 23. Nd4 Bg6 24. f4 Rc8 25. Bd7 Rc7 26. b5 Rxc5 27. bxa6+ Kc7 28. Bxe6 fxe6 29. Nxe6+ Kc6 30. a7 Nc8 31. Ra6+ Nb6 32. f5 Bxf5 33. Nd4+ Kb7 34. Nxf5 Nc8 35. Nd6+ Kc7 36. Ne8+ Kb7 37. Nd6+ Kc7 38. Ne8+ Kb7 39. Nxg7 Rxa7 40. Ne6 Rb5 41. Nd8+ Kc7 42. Ne6+ Kb7 43. Rxa7+ Nxa7 44. Nd4 Rb2 45. Rf1 Nb5 46. Nxb5 Rxb5 47. Re1 Kc7 48. Kf2 Kd7 49. e6+ Ke7 50. Ke3 Kxe6 51. Kd4+ Kf6 52. Re2 Ra5 53. g3 Ra3 54. h3 Rb3 55. Re3 Rb5 56. Re5 Rb2 57. Rxd5 Kg6 58. g4 Rf2 59. Kxc4 Rf4+ 60. Rd4 Rf3 61. Rd3 Rf4+ 62. Kb5 h5 63. gxh5+ Kxh5 64. c4 Rf1 65. c5 Rc1 66. c6 Rb1+ 67. Kc5 1-0

[Event "Oberliga Ost A 2023 2024"]
[Site "?"]
[Date "2024.01.14"]
[Round "5.3"]
[Board "6"]
[White "Mertens, Fridolin"]
[Black "Ozeran, Volodymyr"]
[Result "1-0"]
[WhiteElo "2141"]
[BlackElo "2072"]
[PlyCount "85"]
[EventDate "2023.10.22"]
[EventType "team-tourn"]
[EventCountry "GER"]
[WhiteTeam "Loeberitz SG"]
[BlackTeam "Dessau SK"]
[WhiteTeamCountry "GER"]
[BlackTeamCountry "GER"]

1. e4 c5 2. Nf3 d6 3. d4 Nf6 4. Nc3 cxd4 5. Nxd4 Nc6 6. Be2 g6 7. Be3 Bg7 8. O-O O-O 9. h3 Bd7 10. Nb3 Na5 11. f4 Nxb3 12. axb3 a6 13. Bf3 Qc7 14. Qd3 Bc6 15. Nd5 Nxd5 16. exd5 Bd7 17. c3 Bb5 18. c4 Bd7 19. Rf2 a5 20. Re1 Rfe8 21. Rfe2 Bf5 22. Qd2 a4 23. Qb4 Qa5 24. Qxa5 Rxa5 25. g4 Bd7 26. Bd2 Raa8 27. Rxe7 Rxe7 28. Rxe7 Be8 29. bxa4 Bxb2 30. a5 Bd4+ 31. Kf1 b6 32. axb6 Bxb6 33. Bb4 Bc5 34. Bxc5 dxc5 35. Rc7 Ra3 36. Kf2 Ra5 37. d6 Ra2+ 38. Kg3 Rd2 39. Rc8 Kf8 40. Bc6 Rd3+ 41. Kf2 Rxd6 42. Rxe8+ Kg7 43. Bd5 1-0

[Event "Oberliga Ost A 2023 2024"]
[Site "?"]
[Date "2024.01.14"]
[Round "5.3"]
[Board "7"]
[White "Leibovitch, Iziaslav"]
[Black "Schindler, Christian"]
[Result "0-1"]
[WhiteElo "2085"]
[BlackElo "2142"]
[PlyCount "96"]
[EventDate "2023.10.22"]
[EventType "team-tourn"]
[EventCountry "GER"]
[WhiteTeam "Dessau SK"]
[BlackTeam "Loeberitz SG"]
[WhiteTeamCountry "GER"]
[BlackTeamCountry "GER"]

1. Nf3 Nf6 2. g3 d5 3. Bg2 g6 4. O-O Bg7 5. d3 O-O 6. Nbd2 c5 7. e4 Nc6 8. Re1 h6 9. c3 e5 10. Qc2 Re8 11. exd5 Nxd5 12. Nc4 Bf5 13. a3 Nb6 14. Nxb6 axb6 15. Bf1 Qd6 16. Nh4 Be6 17. Be3 Ne7 18. Rad1 Rad8 19. Qe2 Bd5 20. Bg2 Bxg2 21. Nxg2 Nd5 22. Bc1 Kh7 23. Qf3 f5 24. h4 Qd7 25. Ne3 Nxe3 26. Bxe3 Qc6 27. Qe2 Re6 28. Rd2 Red6 29. Red1 Qb5 30. h5 g5 31. f4 exf4 32. gxf4 Re6 33. Qf3 g4 34. Qg3 Qe8 35. Bf2 Qxh5 36. d4 cxd4 37. Bxd4 Red6 38. Qg2 Qf7 39. Bxb6 Rxd2 40. Rxd2 Rxd2 41. Qxd2 Qe6 42. Bf2 Bf6 43. Qd3 Kg6 44. b4 h5 45. c4 h4 46. Qd5 Qxd5 47. cxd5 Bd8 48. a4 g3 0-1

[Event "Oberliga Ost A 2023 2024"]
[Site "?"]
[Date "2024.01.14"]
[Round "5.4"]
[Board "1"]
[White "Wagner, Benjamin"]
[Black "Mueller, Frank"]
[Result "0-1"]
[WhiteElo "2176"]
[BlackElo "2265"]
[PlyCount "80"]
[EventDate "2023.10.22"]
[EventType "team-tourn"]
[EventCountry "GER"]
[WhiteTeam "Magdeburg SG Aufbau Elbe II"]
[BlackTeam "Leipzig VfB"]
[WhiteTeamCountry "GER"]
[BlackTeamCountry "GER"]

1. e4 c5 2. Nf3 Nc6 3. d4 cxd4 4. Nxd4 Nf6 5. Nc3 d6 6. Bg5 Bd7 7. Nxc6 Bxc6 8. Bb5 Bxb5 9. Nxb5 Qa5+ 10. Nc3 Qxg5 11. O-O e6 12. f4 Qc5+ 13. Kh1 Be7 14. Qf3 O-O 15. g4 b5 16. g5 Nd7 17. Rf2 Rac8 18. Rg1 f5 19. gxf6 Bxf6 20. Rfg2 Rf7 21. Ne2 d5 22. Ng3 Bd4 23. Rd1 Ne5 24. Qh5 Ng6 25. c3 Be3 26. f5 Nf4 27. Qg4 exf5 28. Nxf5 Nxg2 29. Rxd5 Qc7 30. Kxg2 Rcf8 31. Rd3 Qf4 32. Nxe3 Qf2+ 33. Kh1 Qe1+ 34. Qg1 Rf1 35. Nxf1 Rxf1 36. Rd8+ Kf7 37. Rd7+ Ke6 38. Rxg7 Qxe4+ 39. Rg2 Rxg1+ 40. Kxg1 Qe1# 0-1

[Event "Oberliga Ost A 2023 2024"]
[Site "?"]
[Date "2024.01.14"]
[Round "5.4"]
[Board "2"]
[White "Englert, Luca"]
[Black "Lippert, Daniel"]
[Result "1/2-1/2"]
[WhiteElo "2175"]
[BlackElo "2034"]
[PlyCount "107"]
[EventDate "2023.10.22"]
[EventType "team-tourn"]
[EventCountry "GER"]
[WhiteTeam "Leipzig VfB"]
[BlackTeam "Magdeburg SG Aufbau Elbe II"]
[WhiteTeamCountry "GER"]
[BlackTeamCountry "GER"]

1. e4 c5 2. Nf3 Nc6 3. d4 cxd4 4. Nxd4 Nf6 5. Nc3 d6 6. Bg5 e6 7. f4 h6 8. Bh4 Be7 9. Nxc6 bxc6 10. Bd3 Nxe4 11. Bxe7 Nxc3 12. Qf3 Kxe7 13. Qxc6 Qb6 14. Qxb6 axb6 15. bxc3 Ra4 16. Rb1 Rxa2 17. O-O Ba6 18. Rxb6 Bxd3 19. cxd3 Rc2 20. f5 exf5 21. Re1+ Kf6 22. Rxd6+ Kg5 23. Re7 Ra8 24. h4+ Kxh4 25. Rd4+ Kh5 26. Rxf7 g5 27. Rxf5 Raa2 28. Kh2 Rxg2+ 29. Kh3 Rh2+ 30. Kg3 Rag2+ 31. Kf3 Re2 32. Rc5 Rhf2+ 33. Kg3 Rg2+ 34. Kf3 Rgf2+ 35. Kg3 Rf6 36. Re4 Rd2 37. d4 Rd3+ 38. Kg2 Ra6 39. Re2 Kg4 40. Re4+ Kh5 41. Kf2 Rf6+ 42. Ke2 Rff3 43. d5 g4 44. d6+ Kh4 45. Rcc4 Kh3 46. Rcd4 Rxd4 47. Rxd4 Rf8 48. d7 Rd8 49. c4 Kh2 50. c5 g3 51. Rh4+ Kg1 52. c6 g2 53. Rxh6 Rxd7 54. cxd7 1/2-1/2

[Event "Oberliga Ost A 2023 2024"]
[Site "?"]
[Date "2024.01.14"]
[Round "5.4"]
[Board "3"]
[White "Rafayevych, Vilen"]
[Black "Heinrich, Thomas"]
[Result "1-0"]
[WhiteElo "2164"]
[BlackElo "2193"]
[PlyCount "79"]
[EventDate "2023.10.22"]
[EventType "team-tourn"]
[EventCountry "GER"]
[WhiteTeam "Magdeburg SG Aufbau Elbe II"]
[BlackTeam "Leipzig VfB"]
[WhiteTeamCountry "GER"]
[BlackTeamCountry "GER"]

1. c4 Nf6 2. Nc3 g6 3. e4 d6 4. d4 Bg7 5. Nf3 O-O 6. Be2 e5 7. dxe5 dxe5 8. Qxd8 Rxd8 9. Bg5 c6 10. Nxe5 Re8 11. O-O-O Na6 12. f4 Nc5 13. Bf3 h6 14. Bxf6 Bxf6 15. Nd3 Bxc3 16. Nxc5 Bg7 17. e5 a5 18. Ne4 a4 19. Rhe1 Be6 20. Nd6 Re7 21. g4 f5 22. gxf5 gxf5 23. Rg1 Ra5 24. Kc2 b5 25. Bxc6 bxc4 26. Ne8 Kh7 27. Rd6 Bg8 28. Bd7 Kh8 29. Nxg7 Rxg7 30. Rxg7 Kxg7 31. Bxf5 c3 32. Kxc3 Bxa2 33. Rg6+ Kf7 34. Rxh6 Rc5+ 35. Kd4 Rd5+ 36. Ke3 Rb5 37. e6+ Kg8 38. e7 Bf7 39. Be6 Kg7 40. Rh7+ 1-0

[Event "Oberliga Ost A 2023 2024"]
[Site "?"]
[Date "2024.01.14"]
[Round "5.4"]
[Board "4"]
[White "Geiling, Christian"]
[Black "Herter, Arne"]
[Result "1-0"]
[WhiteElo "2181"]
[BlackElo "2028"]
[PlyCount "49"]
[EventDate "2023.10.22"]
[EventType "team-tourn"]
[EventCountry "GER"]
[WhiteTeam "Leipzig VfB"]
[BlackTeam "Magdeburg SG Aufbau Elbe II"]
[WhiteTeamCountry "GER"]
[BlackTeamCountry "GER"]

1. d4 Nf6 2. Nf3 g6 3. Bf4 Bg7 4. e3 O-O 5. Be2 d6 6. O-O Nbd7 7. h3 b6 8. c4 c5 9. Nc3 cxd4 10. exd4 Bb7 11. Rc1 d5 12. Re1 Rc8 13. b3 Re8 14. Ne5 Ne4 15. Nxd5 Bxd5 16. cxd5 Nc3 17. Rxc3 Rxc3 18. Qd2 Bxe5 19. dxe5 Rc5 20. b4 Rc8 21. Bb5 Kg7 22. Bh6+ Kg8 23. Qd4 f6 24. e6 Ne5 25. Rxe5 1-0

[Event "Oberliga Ost A 2023 2024"]
[Site "?"]
[Date "2024.01.14"]
[Round "5.4"]
[Board "6"]
[White "Just, Wolfgang"]
[Black "Windelband, Jens"]
[Result "0-1"]
[WhiteElo "2087"]
[BlackElo "2016"]
[PlyCount "94"]
[EventDate "2023.10.22"]
[EventType "team-tourn"]
[EventCountry "GER"]
[WhiteTeam "Leipzig VfB"]
[BlackTeam "Magdeburg SG Aufbau Elbe II"]
[WhiteTeamCountry "GER"]
[BlackTeamCountry "GER"]

1. e4 e6 2. d4 d5 3. Nc3 Nf6 4. exd5 exd5 5. Bd3 c5 6. Nf3 c4 7. Be2 Be7 8. O-O O-O 9. Bg5 h6 10. Bh4 Bg4 11. h3 Bh5 12. g4 Bg6 13. Ne5 Bh7 14. Bf3 Nc6 15. Re1 Re8 16. Qd2 Ne4 17. Bxe4 dxe4 18. Nxc6 bxc6 19. Bxe7 Qxe7 20. Re3 f5 21. gxf5 Qg5+ 22. Kh1 Bxf5 23. Rg1 Qh4 24. Rgg3 Rad8 25. Ne2 Rd6 26. Qa5 Rf8 27. Qxa7 Rg6 28. Ng1 Bg4 29. Kg2 Bf3+ 30. Kh2 Rxg3 31. fxg3 Qg5 32. Qa3 h5 33. h4 Qf6 34. Qc3 Bg4 35. Qe1 Qf2+ 36. Kh1 Qxc2 37. Rxe4 Rf2 38. Re8+ Kh7 39. Qe4+ Qxe4+ 40. Rxe4 Rxb2 41. Re3 Rxa2 42. Rc3 Rd2 43. Nf3 Bxf3+ 44. Rxf3 Kg6 45. Ra3 Kf5 46. Ra5+ Ke4 47. Kg1 c3 0-1

[Event "Oberliga Ost A 2023 2024"]
[Site "?"]
[Date "2024.01.14"]
[Round "5.4"]
[Board "7"]
[White "Noack, Marcel"]
[Black "Schoen, Florian"]
[Result "1-0"]
[WhiteElo "2017"]
[BlackElo "1899"]
[PlyCount "107"]
[EventDate "2023.10.22"]
[EventType "team-tourn"]
[EventCountry "GER"]
[WhiteTeam "Magdeburg SG Aufbau Elbe II"]
[BlackTeam "Leipzig VfB"]
[WhiteTeamCountry "GER"]
[BlackTeamCountry "GER"]

1. e4 e5 2. Nf3 Nc6 3. Bc4 Bc5 4. c3 Nf6 5. d3 a6 6. O-O Ba7 7. a4 h6 8. h3 O-O 9. Re1 d6 10. Nbd2 Nh5 11. Nf1 Qf6 12. Be3 Nf4 13. Bxf4 Qxf4 14. Ne3 Ne7 15. d4 Kh7 16. Qe2 Qf6 17. Rad1 c6 18. Ng4 Bxg4 19. hxg4 b5 20. axb5 axb5 21. Bb3 Bb6 22. Qd2 Rad8 23. Ra1 Ra8 24. g5 Qg6 25. Rxa8 Rxa8 26. dxe5 Rd8 27. exd6 Rxd6 28. Bxf7 Bxf2+ 29. Qxf2 Qxf7 30. gxh6 Qh5 31. hxg7 Kxg7 32. Qg3+ Rg6 33. Qe5+ Qxe5 34. Nxe5 Re6 35. Nd3 Nc8 36. Nc5 Re5 37. b4 Nd6 38. Kf2 Nc4 39. Rd1 Re7 40. Rd3 Ne5 41. Rd6 Kf7 42. Kg3 Re8 43. Kf4 Ng6+ 44. Ke3 Ne5 45. Kf4 Ng6+ 46. Kg5 Re5+ 47. Kg4 Ne7 48. Kf4 Rh5 49. g4 Rh3 50. Nd3 Kg7 51. Kg5 Re3 52. Kf4 Rh3 53. Ke5 Ng6+ 54. Rxg6+ 1-0

[Event "Oberliga Ost A 2023 2024"]
[Site "?"]
[Date "2024.01.14"]
[Round "5.4"]
[Board "8"]
[White "Collini, Carsten"]
[Black "Willberg, Frank"]
[Result "1-0"]
[WhiteElo "2092"]
[BlackElo "1887"]
[PlyCount "103"]
[EventDate "2023.10.22"]
[EventType "team-tourn"]
[EventCountry "GER"]
[WhiteTeam "Leipzig VfB"]
[BlackTeam "Magdeburg SG Aufbau Elbe II"]
[WhiteTeamCountry "GER"]
[BlackTeamCountry "GER"]

1. d4 Nf6 2. Nc3 d5 3. Bg5 Ne4 4. Nxe4 dxe4 5. Qd2 Qd5 6. Bf4 c5 7. e3 Nc6 8. Bb5 cxd4 9. c4 Qf5 10. exd4 Bd7 11. Ne2 e5 12. Bxc6 Bxc6 13. Bxe5 f6 14. Bg3 Be7 15. d5 Bd7 16. O-O O-O 17. b4 b6 18. d6 Bxd6 19. Qxd6 Be8 20. Nd4 Qd7 21. c5 bxc5 22. Qxd7 Bxd7 23. bxc5 Rfc8 24. Rfc1 Bc6 25. Rab1 g6 26. Nxc6 Rxc6 27. Rb8+ Rxb8 28. Bxb8 a6 29. Bd6 Kf7 30. Rb1 Ke6 31. a4 a5 32. Rb5 Ra6 33. Bc7 Kd7 34. Bxa5 Ra8 35. Kf1 Kc6 36. Ke2 f5 37. Ke3 Ra7 38. Kf4 Kd5 39. g4 Rf7 40. Bb6 fxg4+ 41. Kxg4 Kc6 42. Rb2 Rf5 43. a5 h5+ 44. Kg3 Rf3+ 45. Kg2 h4 46. h3 Rd3 47. Ra2 e3 48. fxe3 Rxe3 49. a6 Re8 50. Rd2 Kb5 51. a7 Ka6 52. a8=R+ 1-0

[Event "Oberliga Ost A 2023 2024"]
[Site "?"]
[Date "2024.01.14"]
[Round "5.5"]
[Board "1"]
[White "Henning, Marvin"]
[Black "Pulpan, Jakub"]
[Result "1-0"]
[WhiteElo "2091"]
[BlackElo "2393"]
[PlyCount "61"]
[EventDate "2023.10.22"]
[EventType "team-tourn"]
[EventCountry "GER"]
[WhiteTeam "Leipzig SG II"]
[BlackTeam "Aue ESV Nickelhuette II"]
[WhiteTeamCountry "GER"]
[BlackTeamCountry "GER"]

1. e4 e5 2. Nf3 Nc6 3. Bb5 a6 4. Ba4 Nf6 5. O-O Be7 6. Bxc6 dxc6 7. Re1 Nd7 8. d4 exd4 9. Qxd4 O-O 10. Bf4 Nf6 11. Qc3 a5 12. Nbd2 Bd7 13. Rad1 Qc8 14. a3 c5 15. Nc4 b6 16. Nce5 Be8 17. h3 h6 18. Nh4 Nxe4 19. Rxe4 Bxh4 20. Bxh6 Bf6 21. Qg3 Qf5 22. Ng4 Bg5 23. Re5 Qxg4 24. Qxg4 Bxh6 25. Qe4 Rc8 26. Re1 Bd7 27. g4 g6 28. Re7 Bb5 29. h4 Bg7 30. Qf4 Bxb2 31. Rb1 1-0

[Event "Oberliga Ost A 2023 2024"]
[Site "?"]
[Date "2024.01.14"]
[Round "5.5"]
[Board "2"]
[White "Cerveny, Martin"]
[Black "Schiffer, Stefan"]
[Result "1/2-1/2"]
[WhiteElo "2382"]
[BlackElo "2226"]
[PlyCount "45"]
[EventDate "2023.10.22"]
[EventType "team-tourn"]
[EventCountry "GER"]
[WhiteTeam "Aue ESV Nickelhuette II"]
[BlackTeam "Leipzig SG II"]
[WhiteTeamCountry "GER"]
[BlackTeamCountry "GER"]

1. Nf3 Nf6 2. d4 e6 3. c4 d5 4. Nc3 c6 5. e3 Nbd7 6. Qc2 Bd6 7. Bd2 O-O 8. Be2 dxc4 9. Bxc4 b5 10. Bd3 Bb7 11. Ne4 Nxe4 12. Bxe4 Nf6 13. Bd3 Rc8 14. b4 Qe7 15. a3 Rfd8 16. Bc3 a5 17. Rb1 Nd5 18. Bd2 axb4 19. e4 Nf4 20. Bxf4 Bxf4 21. axb4 Bd6 22. Qc3 e5 23. dxe5 1/2-1/2

[Event "Oberliga Ost A 2023 2024"]
[Site "?"]
[Date "2024.01.14"]
[Round "5.5"]
[Board "3"]
[White "Roemling, Sven"]
[Black "Eichner, Sebastian"]
[Result "1-0"]
[WhiteElo "2227"]
[BlackElo "2301"]
[PlyCount "93"]
[EventDate "2023.10.22"]
[EventType "team-tourn"]
[EventCountry "GER"]
[WhiteTeam "Leipzig SG II"]
[BlackTeam "Aue ESV Nickelhuette II"]
[WhiteTeamCountry "GER"]
[BlackTeamCountry "GER"]

1. d4 d5 2. Nf3 Bf5 3. Bf4 e6 4. e3 Nf6 5. Be2 Bd6 6. Ne5 h6 7. Bg3 Ne4 8. Nd2 Nxg3 9. hxg3 Bxe5 10. dxe5 c5 11. c4 Nc6 12. f4 O-O 13. g4 Bh7 14. a3 d4 15. e4 d3 16. Bf3 Qd4 17. g3 f6 18. exf6 Rxf6 19. Kf1 Raf8 20. Kg2 R6f7 21. Rb1 g5 22. f5 Kg7 23. Qg1 Qd6 24. Nb3 b6 25. Qe3 exf5 26. gxf5 Ne5 27. Nd2 Rd7 28. g4 Qd4 29. Qe1 Nxc4 30. Nxc4 Qxc4 31. e5 Bxf5 32. gxf5 Rxf5 33. Qe3 Qc2+ 34. Kg3 Re7 35. e6 Rf6 36. Bg4 c4 37. Rxh6 Rexe6 38. Qxg5+ Rg6 39. Rxg6+ Rxg6 40. Qe7+ Kg8 41. Re1 Qxb2 42. Qe8+ Kg7 43. Re7+ Kh6 44. Qf8+ Rg7 45. Qh8+ Kg6 46. Qh5+ Kf6 47. Re6# 1-0

[Event "Oberliga Ost A 2023 2024"]
[Site "?"]
[Date "2024.01.14"]
[Round "5.5"]
[Board "4"]
[White "Schnabel, Ralf"]
[Black "Neuhoff, Laertes"]
[Result "1/2-1/2"]
[WhiteElo "2187"]
[BlackElo "2093"]
[PlyCount "89"]
[EventDate "2023.10.22"]
[EventType "team-tourn"]
[EventCountry "GER"]
[WhiteTeam "Aue ESV Nickelhuette II"]
[BlackTeam "Leipzig SG II"]
[WhiteTeamCountry "GER"]
[BlackTeamCountry "GER"]

1. e4 c5 2. Nf3 Nc6 3. d4 cxd4 4. Nxd4 Nf6 5. Nc3 e5 6. Ndb5 d6 7. Nd5 Nxd5 8. exd5 Nb8 9. a4 Be7 10. Be2 O-O 11. O-O a6 12. Na3 f5 13. f4 Nd7 14. Nc4 e4 15. a5 b5 16. axb6 Nxb6 17. Na5 Bd7 18. Be3 Qc7 19. c4 Bf6 20. Ra2 Rfb8 21. b4 Bc3 22. Qb3 Bf6 23. c5 Nc8 24. c6 Be8 25. Rd1 Bf7 26. Ra3 Nb6 27. h3 g6 28. Kh2 Kg7 29. Qa2 Nxd5 30. Rxd5 Rxb4 31. Bc1 Rab8 32. Bc4 Rb2 33. Bxb2 Rxb2 34. Qxb2 Bxb2 35. Rb3 Bxd5 36. Rb7 Qxb7 37. cxb7 Bxb7 38. Nxb7 Ba3 39. Kg1 Kf6 40. Kf2 Bc1 41. g3 Ba3 42. Bxa6 d5 43. g4 fxg4 44. hxg4 h5 45. Kg3 1/2-1/2

[Event "Oberliga Ost A 2023 2024"]
[Site "?"]
[Date "2024.01.14"]
[Round "5.5"]
[Board "5"]
[White "Schunk, Thomas"]
[Black "Heinz, Juergen"]
[Result "1-0"]
[WhiteElo "2160"]
[BlackElo "2130"]
[PlyCount "79"]
[EventDate "2023.10.22"]
[EventType "team-tourn"]
[EventCountry "GER"]
[WhiteTeam "Leipzig SG II"]
[BlackTeam "Aue ESV Nickelhuette II"]
[WhiteTeamCountry "GER"]
[BlackTeamCountry "GER"]

1. c4 e5 2. g3 g6 3. Bg2 Bg7 4. Nc3 d6 5. d3 Nc6 6. Rb1 a5 7. e3 f5 8. Nge2 Nf6 9. O-O O-O 10. a3 Ne7 11. f4 c6 12. h3 Qc7 13. Kh2 Be6 14. Bd2 Bf7 15. Qa4 Rfe8 16. Rfe1 Nd7 17. Qc2 e4 18. dxe4 Bxc4 19. b3 Bxe2 20. Nxe2 fxe4 21. Bxe4 Nf6 22. Bg2 d5 23. Nd4 Nc8 24. Bc3 Nd6 25. Nf3 Nfe4 26. Be5 Bxe5 27. Nxe5 Re6 28. Rbd1 Rae8 29. Rxd5 Qg7 30. Bxe4 Nxe4 31. Rd7 Qf6 32. Rxb7 Rxe5 33. fxe5 Qxe5 34. Rg1 Rd8 35. Rg2 Ng5 36. Qc4+ Rd5 37. Qf4 Qe8 38. e4 Rc5 39. Rf2 Ne6 40. Qd6 1-0

[Event "Oberliga Ost A 2023 2024"]
[Site "?"]
[Date "2024.01.14"]
[Round "5.5"]
[Board "7"]
[White "Herrmann, Arthur"]
[Black "Poessel, Christian"]
[Result "1/2-1/2"]
[WhiteElo "2005"]
[BlackElo "1990"]
[PlyCount "45"]
[EventDate "2023.10.22"]
[EventType "team-tourn"]
[EventCountry "GER"]
[WhiteTeam "Leipzig SG II"]
[BlackTeam "Aue ESV Nickelhuette II"]
[WhiteTeamCountry "GER"]
[BlackTeamCountry "GER"]

1. e4 c5 2. Nf3 d6 3. d4 cxd4 4. Nxd4 Nf6 5. f3 e5 6. Bb5+ Bd7 7. Bxd7+ Qxd7 8. Nf5 d5 9. Bg5 dxe4 10. Bxf6 gxf6 11. Qxd7+ Nxd7 12. fxe4 Rc8 13. Nc3 Bb4 14. O-O-O Bxc3 15. Nd6+ Ke7 16. Nxc8+ Rxc8 17. bxc3 Rxc3 18. Rd3 Rc4 19. Re1 Nc5 20. Rde3 Ke6 21. g4 Ke7 22. h4 h6 23. R1e2 1/2-1/2